000 01238nam a22003731c 4500
001 a987681666
003 RU-10907106
005 20211006110023.0
008 091119s2006 gw |||| 000u ger d
020 _a3406390021
_93-406-39002-1
040 _cRU-10907106
_aRU-10907106
_bger
041 _ager
100 1 _aOsterhammel, Jürgen
245 0 0 _aKolonialismus :
_bGeschichte, Formen, Folgen /
_cJürgen Osterhammel
250 _a5., aktualisierte Aufl. ; Orig.-Ausg
264 _aMünchen :
_bBeck,
_c2006
300 _a142 S. ; 18 cm
336 _aText
_btxt
_2rdacontent
337 _aComputermedien
_bc
_2rdamedia
338 _aOnline-Ressource
_bcr
_2rdacarrier
500 _aE-Book-Ciando / Zugriff im DHI-Lesesaal, Fernzugriff für registrierte Nutzer
650 0 _aImperialismus
650 0 _aKolonialismus
650 0 _aWirtschaft
650 0 _aGlobalisierung
650 0 _aWeltgeschichte
655 0 _aFernzugriff (E-Book)
655 0 _aelektronnaja biblioteka
655 0 _aFernzugriff
776 0 8 _iErscheint auch als
_nPrint-Ausgabe
_tKolonialismus
_w00100571549
856 4 _uhttp://dgia.ciando.com/book/index.cfm/bok_ID/15440
942 _cEB
_2z
999 _c37497
_d37497
490 0 _aBeck'sche Reihe
_v2002 : C. Beck Wissen